Statistics for Chicago White Sox Quiz

Click here to take the quiz!

General Stats

  • This quiz has been taken 13 times
  • The average score is 5 of 6

Answer Stats

HintAnswer% Correct
How many world series wins do the White Sox have?3
100%
What division are the White Sox in?al central
100%
In what year was the Black Sox scandal?1919
90%
How many no hitters have White Sox pitchers thrown?20
90%
What year was the teams latest world series win?2005
90%
What was the original White Sox stadium called?comiskey
70%

Score Distribution

Percentile by Number Answered

Percent of People with Each Score

Your Score History

You have not taken this quiz